000 01047nabaa22002057a 4500
999 _c6142
_d6142
003 OSt
005 20260122233117.0
008 190701b xxu||||| |||| 00| 0 spa d
040 _cPJ
100 _9230
_aSchafrik, Fabiana Haydee
245 1 3 _aLa buena administración en el contexto tecnológico /
_cFabiana Haydée Schafrik.
300 _ap. 14-17
505 _aSumario: I. Introducción.— II. La buena administración en el contexto del derecho público.— III. De la relación de la tecnología con la buena administración.— IV. Algunos supuestos del uso de la tecnología por parte de la administración y su relación con la buena administración.
505 _t¿Te interesa el texto completo? Comunicate al correo: koha@justierradelfuego.gov.ar
650 0 _9211
_aDERECHO ADMINISTRATIVO
650 0 _9736
_aDERECHO PUBLICO
650 0 _9289
_aTECNOLOGIA DE LA INFORMACION
773 0 _02842
_93251
_dBuenos Aires : AbeledoPerrot, 2012-
_oDA121
_tDerecho administrativo. Nº 150 noviembre/diciembre 2023
_z18510590
942 _2udc
_cANA